| 000 | 01187nas a2200349 4500 | ||
|---|---|---|---|
| 001 | BR2013003454 | ||
| 003 | BR-BrBNA | ||
| 005 | 20231205122255.0 | ||
| 007 | ta | ||
| 008 | 230509b bl.|||p| |||| 00| 00por d | ||
| 040 |
_aBR-BrBNA _bpor _cBiblioteca Nacional de Agricultura |
||
| 041 | _a(Pt) | ||
| 072 | _aL70; L74 | ||
| 100 | 1 | _aBalthazar, D.A. | |
| 100 | 1 | _aSilva, M.F.A. | |
| 100 | 1 | _aCastro, D.S. | |
| 100 | 1 | _aSuzano, S.M.C. | |
| 100 | 1 | _aCruz, R.A. | |
| 100 | 1 | _aScherer, P.O. | |
| 100 | 1 | _a | |
| 100 | 1 | _a | |
| 245 | 1 | _aEfeito do enxerto ósseo corticoesponjoso na osteogênese em falha cortical ulnar de galinhas domésticas (Gallus domesticus) | |
| 246 | 1 | _aEffect of cortico-cancellous bone grafting in osteogenisis of cortical ulnar failure of domestic chickens (Gallus domesticus) | |
| 650 | _aGALINHA | ||
| 650 | _aOSSO | ||
| 650 | _aLESÃO | ||
| 650 | _aENXERTO | ||
| 773 | 0 |
_tArquivo Brasileiro de Medicina Veterinária e Zootecnia (Brazil) _xISSN 0102-0935 _g(Feb 2013), v. 65(1) p. 119-126 _wBR2013003454 |
|
| 856 | 4 | 0 | _uhttp://www.scielo.br/pdf/abmvz/v65n1/a18v65n1.pdf |
| 909 |
_a202311 _bLúcia _c55 _dLúcia Elande |
||
| 942 |
_2AGRIS _n0 _cANA |
||
| 999 |
_c227811 _d227811 |
||